|
|
|
|
| LEADER |
02241nam a2200445 a 4500 |
| 001 |
mzk03001056768 |
| 003 |
CZ BrMZK |
| 005 |
20071029140953.0 |
| 007 |
ta |
| 008 |
071029s1596 gw a fr|||||00| ||latod |
| 040 |
|
|
|a BOA001
|b cze
|
| 072 |
|
7 |
|a 094
|x Staré tisky
|2 Konspekt
|9 12
|
| 080 |
|
|
|a (0.068)094
|2 MRF
|
| 100 |
0 |
|
|a Ovidius,
|d 43 př. Kr.-asi 18 po Kr.
|7 jn19981001925
|4 aut
|
| 245 |
1 |
0 |
|a Opervm.
|n Tomvs II.,
|p quo continentur Metamorphoseon Libri XV. /
|c Pvbl. Ovidii Nasonis ; Ex postrema Iacobi Micylli recognitione, Et Recensione Nova Georgii Bersmanni, cum eiusdem aliorumque virorum doctissimorum notationibus: Ac Singvlarvm Fabvlarvm Argvmentis, partim veteribus, partim recentibus
|
| 246 |
3 |
0 |
|a Quo continentur Metamorphoseon Libri XV.
|
| 250 |
|
|
|a Editio tertia aliquot locis auctior
|
| 260 |
|
|
|a Lipsiae :
|b [Henning Grosse] ;
|a Lipsiae :
|b Imprimebat Michael Lantzenberger. Anno M. D. XCVI.,
|c 1596
|
| 300 |
|
|
|a [16], 650, [21] s. ;
|c 8°
|
| 500 |
|
|
|a Výzdoba: úvodní signet (alegorická antická postava s monogramem HG), iniciály, četné dřevořezy v textu, viněta, závěrečný signet (rytíř)
|
| 510 |
3 |
|
|a DNB
|
| 561 |
|
|
|a Provenience: Pro Cubiculo P. Praefecti Iglaviae
|
| 561 |
|
|
|a Provenience: Salomon Fessell, Anno domini 1606
|
| 561 |
|
|
|a Provenience: Tobias Krösel Iglauiensis de Gwaltenberck
|
| 561 |
|
|
|a Provenience: [razítko] Jez. Jihlava
|
| 561 |
|
|
|a Provenience: [razítko] Jglauer Gymnasium
|
| 563 |
|
|
|a Původní poškozená vazba, lepenka, vepřovice s rostlinným slepotiskem v rámcích, vpředu uprostřed Judit "Volvntatem ...", vzadu uprostřed Jáel a Sísera "Sic pereant ...", hřbet natřený šedou barvou
|
| 655 |
|
7 |
|a staré tisky
|7 fd422076
|2 czenas
|
| 700 |
1 |
|
|a Micyllus, Jakob,
|d 1503-1558
|7 ola2007364862
|4 com
|
| 700 |
1 |
|
|a Bersmann, Gregor,
|d 1538-1611
|7 mzk2007417270
|4 cwt
|
| 903 |
|
|
|a RP
|
| 910 |
|
|
|a BOA001
|b ST1-0088.297,2
|
| 978 |
|
|
|b Grosse, Henning I
|a Leipzig
|c 1596
|
| 978 |
|
|
|b Lantzenberger, Michael
|a Leipzig
|c 1596
|
| 984 |
|
|
|a Lipsko
|b Německo
|
| 985 |
|
|
|a 1551-1600
|
| 990 |
|
|
|a BK
|
| 993 |
|
|
|a Y
|
| 991 |
|
|
|k mzk
|
| 996 |
6 |
|
|b 2619276517
|c ST1-0088.297,2
|l stud. ST
|r Sklad / do násl. otevíracího dne
|n 0
|w 001056830
|u 000010
|a 1
|e BOA001
|s P
|